书目信息 |
| 题名: |
根
|
|
| 作者: | 张国佩 著 | |
| 分册: | ||
| 出版信息: | 上海 上海教育出版社 1979 |
|
| 页数: | 80页 | |
| 开本: | 19cm | |
| 丛书名: | 中学生物学教学参考丛书 | |
| 单 册: | ||
| 中图分类: | G633.91 | |
| 科图分类: | ||
| 主题词: | 根--中学--教学参考资料 | |
| 电子资源: | ||
| ISBN: | ||
| 000 | 00631nam2 2200241 45 | |
| 001 | 0179004186 | |
| 005 | 20060911152941.03 | |
| 010 | @dCNY0.23 | |
| 091 | @aCN@b7150.2087 | |
| 100 | @a19950717d1979 em y0chiy0121 ea | |
| 101 | 0 | @achi |
| 102 | @aCN@b310000 | |
| 105 | @ay z 000yy | |
| 200 | 10 | @a根@Agen@f张国佩著 |
| 210 | @a上海@c上海教育出版社@d1979 | |
| 215 | @a80页@d19cm | |
| 225 | 2 | @a中学生物学教学参考丛书 |
| 410 | 0 | @120010@a中学生物学教学参考丛书 |
| 606 | @a根@x中学@x教学参考资料 | |
| 690 | @aG633.91@v3 | |
| 701 | 0 | @a张国佩@Azhang guo pei@4著 |
| 801 | 0 | @aCN@bTSSF@c20060911 |
| 905 | @a10447@dG633.91@e101 | |
| 根/张国佩著.-上海:上海教育出版社,1979 |
| 80页;19cm.-(中学生物学教学参考丛书) |
| ISBN :CNY0.23 |
| ● |
| 相关链接 |
|
|
|
|
正题名:根
索取号:G633.91/101
 
预约/预借
| 序号 | 登录号 | 条形码 | 馆藏地/架位号 | 状态 | 备注 |
| 1 | 0447313 | 204473131 | 密集书库/ [索取号:G633.91/101] | 在馆 | |
| 2 | 0464905 | 204649050 | 密集书库/ [索取号:G633.91/101] | 在馆 | |
| 3 | 0471251 | 204712515 | 密集书库/ [索取号:G633.91/101] | 在馆 | |
| 4 | 0475306 | 204753061 | 密集书库/ [索取号:G633.91/101] | 在馆 |